000 00487nam a22001817a 4500
003 OSt
005 20140310182832.0
008 130603t xxu||||| |||| 00| 0 eng d
020 _a0828010498
050 _aLB 45
_b.Ap646 1996
082 _aM 263.1
_bAp 1996
245 _aA Bridge Across Time /
_cAppel, Dan M.
260 _aU. S. A :
_bReview and Herald Publshing Association,
_c1996
300 _a125 p. :
_c18 cm.
541 _j1
562 _e1
942 _2lcc
_cBK
_kM
999 _c16653
_d16653